01031nas a2200277Ia 4500001002800000003001000028008004100038040002500079041001300104100002300117210001300140222001300153245006900166250001100235260000900246501012300255300001600378362001600394500006100410650002400471700001100495942000700506957000600513999003300519952020100552A06/R063-19173 [r000018318]IT-MiCISF161014c99999999xx |||||||||||| ||und|| aIT-MiCISFcIT-MiCISF aITALIANO aParlamento Europeo aBioetica aBioetica 0aLa Comunità€ Europea sulla sterilizzazione dei minorati mentali a1a ed. c1993 bCISF - Centro Internazionale Studi Famiglia - Via Giotto, 36 20145 MILANO (non commercial uses only)cCopyright 2016 app. 165-170 an. 1 [1993] a Tema: bioetica, handicap, sterilizzazione, legislazione aBIOETICAvdocumento aAA.VV. cCR 71 a19173bSig1c223866d223866 0010406A_06_000000000000000_R06319173_R00001831871aCISFbCISFd2016-10-14l0oA06/R063-19173 [r000018318]r2016-10-14 00:00:00w2016-10-14yCRzData import 15.10.2016 / by Epidotti, Vaglietti